Loading...
Postman
| Main Author: | |
|---|---|
| Format: | Printed Book |
| Published: |
Kottayam
DC Books
2018
|
| Subjects: |
| LEADER | 00455nam a22001457a 4500 | ||
|---|---|---|---|
| 999 | |c 30229 |d 30229 | ||
| 020 | |a 9789352823840 | ||
| 082 | |a 894.8123 BEN-P | ||
| 100 | |a Benyamin | ||
| 245 | |a Postman | ||
| 260 | |a Kottayam |b DC Books |c 2018 | ||
| 300 | |a 120 pages | ||
| 650 | |a Liteature-- Malayalam-- Short Stories | ||
| 942 | |c BK | ||
| 952 | |0 0 |1 0 |4 0 |6 894_812300000000000_BENP |7 0 |9 32991 |a DCB |b DCB |d 2019-04-04 |l 1 |o 894.8123 BEN-P |p DCB3660 |r 2019-04-08 |s 2019-04-08 |w 2019-04-04 |y BK | ||